000 00948cab a22001935a 4500
001 L152289
008 110218e2011 xxk 000 0 eng d
035 _a(Sirsi) u152289
041 0 _aeng
100 1 _aTichacek, Robert L.
245 0 0 _aEffect cost management
_bback to basics
260 _c2011
490 _aProject Control Professional
_v49(1) February 2011, 8-14(7)
520 _aDiscusses cost management and its primary significance as a measure of project success; an overview of cost management, cost is the most common measure of success, the most finite resource, the most competed for resource; cost management vs cost accounting; cost management objectives; effective cost management; total management - thinking beyond the project, and total cost - thinking beyond the project; three-point cost management approach.
590 _aKA
651 4 _aUnited Kingdom
_y
690 _aBUILT ENVIRONMENT-BUILDING COSTS
942 _n0
999 _c82931
_d82931